Systémy ochrany pracovníků na automatizovaných pracovištích s průmyslovými roboty a manipulátory

Saved in:
Bibliographic Details
Main Author: Halen, Svatopluk
Format: Book
Language:Czech
Published: Praha Výzkumný ústav bezpečnosti práce 1988
Edition:1. vyd.
Tags: Add Tag
No Tags, Be the first to tag this record!

MARC

LEADER 00000nam a2200000 4500
001 c033281
005 20221219085826.7
041 0 |a cze 
044 |a CZ 
245 1 0 |a Systémy ochrany pracovníků na automatizovaných pracovištích s průmyslovými roboty a manipulátory  |c Svatopluk Halen a kol. 
250 |a 1. vyd. 
264 1 |a Praha  |b Výzkumný ústav bezpečnosti práce  |c 1988 
300 |a 206 s. 
100 1 |a Halen, Svatopluk